MARC

LEADER 00000naa2a2200000 4500
001 621399
005 20260123165404.0
035 |a (RuTPU)RU\TPU\conf\19980 
035 |a RU\TPU\conf\19977 
090 |a 621399 
100 |a 20161219d2016 k y0engy50 ba 
101 0 |a eng 
102 |a RU 
105 |a y z 101zy 
135 |a drgn ---uucaa 
181 0 |a i  
182 0 |a b 
200 1 |a Features of processes of ion-plasma formation and comparative analysis of the properties of the anti-friction coating Ti-C-MO-S on titanium alloys and steels  |f A. Shubin [et al.] 
203 |a Текст  |c электронный 
300 |a Title screen 
463 0 |0 (RuTPU)RU\TPU\conf\19513  |t Energy Fluxes and Radiation Effects (EFRE-2016)  |o International Congress, October 2–7, 2016, Tomsk, Russia  |o abstracts  |f National Research Tomsk Polytechnic University (TPU) ; eds. B. M. Kovalchuk [et al.]  |v [P. 318]  |d 2016 
610 1 |a труды учёных ТПУ 
610 1 |a электронный ресурс 
610 1 |a антифрикционные покрытия 
610 1 |a титановые сплавы 
610 1 |a титановые покрытия 
610 1 |a твердые покрытия 
610 1 |a ионно-плазменные покрытия 
610 1 |a магнетронное распыление 
610 1 |a slide bearing 
610 1 |a solid anti-friction coating 
610 1 |a ion-plasma coating 
610 1 |a magnetron sputtering 
610 1 |a friction tests 
701 1 |a Shubin  |b A.  |g Andry 
701 1 |a Savostikov  |b V.  |g Viktor 
701 1 |a Potekaev  |b A.  |g Aleksandr 
701 1 |a Dmitriev  |b V. S.  |c Professor, Head of department of exact instrumentation at Tomsk Polytechnic University (TPU)  |c D. Sc. in engineering  |f 1940-  |g Viktor Stepanovich  |3 (RuTPU)RU\TPU\pers\26422 
701 1 |a Stepanov  |b I. B.  |c physicist  |c Head of the laboratory of Tomsk Polytechnic University, Doctor of technical sciences  |f 1968-  |g Igor Borisovich  |3 (RuTPU)RU\TPU\pers\34218 
701 1 |a Korneva  |b O. S.  |c physicist  |c engineer of Tomsk Polytechnic University  |f 1988-  |g Olga Sergeevna  |3 (RuTPU)RU\TPU\pers\37178  |9 20156 
701 1 |a Shulepov  |b I. A.  |c physicist  |c Engineer-designer of Tomsk Polytechnic University, Candidate of physical and mathematical sciences  |f 1954-  |g Ivan Anisimovich  |3 (RuTPU)RU\TPU\pers\33092 
712 0 2 |a Национальный исследовательский Томский политехнический университет  |c (2009- )  |9 26305 
801 2 |a RU  |b 63413507  |c 20191212  |g RCR 
856 4 |u http://earchive.tpu.ru/handle/11683/35856 
942 |c BK